000 03352nam a2200289Ia 4500
003 OSt
005 20211022144942.0
008 210310s1973 mx fr 001 0 spa d
040 _aCO-JMCR
_cCO-JMCR
041 1 _aspa
_heng
082 0 4 _a338.972 /
_bR462e
_223
100 1 _aReynolds, Clark W.,
_917867
_eautor
245 1 3 _aLa economía mexicana :
_bsu estructura y crecimiento en el siglo XX /
_cClark W. Reynolds ; traducción de Carlos Villegas
250 _aPrimera edición
260 _aMéxico :
_bCentro Regional de Ayuda Técnica : AID,
_c1973
300 _a521 páginas ;
_c23 cm.
490 0 _aSección de Obras de Economía
500 _aTítulo original: The mexican economy: twentieth-century structure and growth Incluye índice analítico y notas a pie de página.
504 _aBibliografía: páginas 481-503
505 0 _aTres épocas del crecimiento económico de México: 1900-1960 -- La naturaleza y las consecuencias dl cambio estructural en México: 1900-1965 -- La revolución agraria en México: historia de la producción y de la productividad agrícolas: 1900-1960 -- Reforma agraria, política pública y desarrollo agrícola de México -- La urbanización y la revolución industrial en México: 1900-1965 -- Pautas políticas comerciales cambiantes: 1900-1965 -- Las finanzas públicas en el México posrevolucionario
520 3 _aDurante los últimos cincuenta años, México ha experimentado uno de los movimientos revolucionarios más violentos de su historia Si sus costos sociales y económicos han sido elevadísimos, los cambios provocados en la vida política y en la actividad productiva de la nación le han hecho adquirir perfiles nuevos modernos, dinámicos, definitivamente dirigidos hacia el progreso en sus diversas manifestaciones, pero en especial de la agricultura y la industria. En ese lapso, el mercado nacional ha adquirido unidad, la tercera parte de la población se ha desplazado hacia las ciudades, el nivel de vida ha ascendido notablemente y el producto nacional ha alcanzado una de las tasas de desarrollo más altas de Hispanoamérica. El autor, que se interesa sobre todo por la interacción entre la agricultura y la industria en el país explica que las causas de ese espectacular crecimiento son más psico lógicas que materiales. De acuerdo con sus observaciones la producción agrícola ha aumentado de manera similar a la producción industrial, lo cual explica el crecimiento equilibrado de los sectores rural y urbano en todo aquello que se refiere a la economía: La razón de esta armonía radica en que de las discusiones de partido y de las flaquezas ocasionales, un más allá denominador común unifica a sus gobernantes estricto control de las inversiones extranjeras, tecnificación del campo, obras de infraestructura, planificación de la inversión privada, ele Además y esto es muy importante, se ha producido un fenómeno singular el nuevo hombre de empresa mexicano acepta la necesidad de las reformas sociales y económicas y planea sus actividades con vistas a ampliar el mercado tanto nacional come extranjero.
546 _aTraducido del inglés.
650 1 4 _aHistoria económica
_917869
_ySiglo XX
_zMéxico
651 1 _aMéxico
_xCondiciones económicas
_ySiglo XX
_910615
700 1 _aVillegas, Carlos,
_etraductor
_941262
942 _2ddc
_cBK
999 _c8643
_d8643